000 00718ngm a2200193 i 4500
001 C2-0335959
003 PPAK
005 20180727222513.0
008 160417s2014 nyu|||| ||||| | vleng d
040 _aPPAK
_beng
_cPPAK
_erda
245 0 0 _aBig history
264 1 _a[New York] :
_bA&E Television Networks ,
_c2014
336 _2rdacontent
_atext
337 _2rdamedia
_aunmediated
338 _2rdacarrier
_avolume
500 _aSummary : A collection that turns history on its head, breaks down the walls between history and science, and tells the story of the universe form the Big Bang through today. Crisscrossing through time and space, each episode reveals the tr
700 _eauthor
942 _2ddc
_cDVD
999 _c167832
_d167832